Statistics for Europe's 20 fastest growing economies

Click here to take the quiz!

General Stats

  • This quiz has been taken 506 times
  • The average score is 15 of 20

Answer Stats

GrowthCountry% Correct
2,0%Poland
91%
1,2%Sweden
88%
5,6%Latvia
86%
3,0%Norway
86%
3,4%Russia
86%
3,2%Estonia
85%
0,9%Ireland
85%
3,6%Lithuania
83%
2,0%Slovakia
82%
0,8%Austria
78%
1,0%Switzerland
78%
1,5%Belarus
76%
0,8%Bulgaria
76%
1,6%Iceland
74%
1,3%Albania
69%
2,6%Turkey
66%
5,1%Monaco
62%
2,1%Kosovo
54%
6,6%Georgia
32%
2,2%Azerbaijan
27%

Score Distribution

Percentile by Number Answered

Percent of People with Each Score

Your Score History

You have not taken this quiz